=LDR 00000nam 2200000 4500 =001 INLIS000000000059821 =005 20211207081659 =035 ##$$a 0010-1221000048 =007 ta =008 211207###########################0#ind## =020 ##$$a 979-421-296-2 =082 ##$$a 001.422 5 =084 ##$$a 001.422 5 Kla a =245 1#$$a Analisis Isi : $b Pengantar teori dan Metodologi /$c Klaus Krippendorff =300 ##$$a 307 halaman : $b ilustrasi ; $c 20 cm =650 #4$$a Analisis Data =264 ##$$a Jakarta :$b Rajawali Press,$c 1991 =336 ##$$a teks$2 rdacontent =337 ##$$a lain-lain$2 rdamedia =338 ##$$a lain-lain$2 rdacarrier =990 ##$$a 34163416